X-Men Villain Slideshow Quiz Stats

Quiz not verified by Sporcle

Challenge
Share
Tweet
Score 0/15 Timer 04:00
0 Plays Today
% Correct
Magneto
100%
Juggernaut
95.9%
Mystique
94%
Sabretooth
92.9%
Dark Phoenix
91.7%
Toad
89.5%
Sentinel
86.1%
Apocalypse
84.2%
% Correct
Mr. Sinister
83.1%
Silver Samurai
80.8%
Pyro
78.6%
Sebastian Shaw
69.9%
Mojo
69.2%
Shadow King
56%
Proteus
27.8%

You're not logged in!

Compare scores with friends on all Sporcle quizzes.
Sign Up with Email
OR
Log In

You Might Also Like...

Show Comments

Extras

Top Quizzes Today


Score Distribution

Your Account Isn't Verified!

In order to create a playlist on Sporcle, you need to verify the email address you used during registration. Go to your Sporcle Settings to finish the process.